000 00213 a2200097 4500
001 45264
100 _aTaylor & Parmer
245 _aGround studies for pilots
260 _aLon
_bCollins
_c
090 _c28451
_d28451
942 _aNUST-CAE
_cM
_c20504
999 _c280337
_d280337